Continuum 2 (Record no. 81066)

MARC details
000 -LEADER
fixed length control field 02463namaa2200421uu 4500
001 - CONTROL NUMBER
control field doab135451
003 - CONTROL NUMBER IDENTIFIER
control field oapen
005 - DATE AND TIME OF LATEST TRANSACTION
control field 20260218110434.0
006 - FIXED-LENGTH DATA ELEMENTS--ADDITIONAL MATERIAL CHARACTERISTICS
fixed length control field m o d
007 - PHYSICAL DESCRIPTION FIXED FIELD--GENERAL INFORMATION
fixed length control field cr|mn|---annan
008 - FIXED-LENGTH DATA ELEMENTS--GENERAL INFORMATION
fixed length control field 240308s2024 xx |||||o ||| 0|ita d
020 ## - INTERNATIONAL STANDARD BOOK NUMBER
International Standard Book Number 0463.1.00
020 ## - INTERNATIONAL STANDARD BOOK NUMBER
International Standard Book Number 9781685711481
024 7# - OTHER STANDARD IDENTIFIER
Standard number or code 10.53288/0463.1.00
Source of number or code doi
040 ## - CATALOGING SOURCE
Original cataloging agency oapen
Transcribing agency oapen
Modifying agency
041 0# - LANGUAGE CODE
Language code of text/sound track or separate title eng
041 0# - LANGUAGE CODE
Language code of text/sound track or separate title fre
041 0# - LANGUAGE CODE
Language code of text/sound track or separate title ita
042 ## - AUTHENTICATION CODE
Authentication code dc
245 00 - TITLE STATEMENT
Title Continuum 2
Remainder of title Writings - Scritti - Écrits 2015-2022
260 ## - PUBLICATION, DISTRIBUTION, ETC.
Place of publication, distribution, etc. Brooklyn, NY
Name of publisher, distributor, etc. punctum books
Date of publication, distribution, etc. 2024
300 ## - PHYSICAL DESCRIPTION
Extent 1 online resource (337 p.)
336 ## - CONTENT TYPE
Content type term text
Content type code txt
Source rdacontent
337 ## - MEDIA TYPE
Media type term computer
Media type code c
Source rdamedia
338 ## - CARRIER TYPE
Carrier type term online resource
Carrier type code cr
Source rdacarrier
506 0# - RESTRICTIONS ON ACCESS NOTE
Standardized terminology for access restriction Unrestricted online access
Source of term star
520 ## - SUMMARY, ETC.
Summary, etc. This volume gathers Alessandro De Francesco's essays and theoretical writings produced from 2015 to 2022. It follows the first volume Continuum: Writings on Poetry as Artistic Practice, reuniting essays written between 2007 and 2015. The title of this new volume could only be Continuum 2, given that the underlying concept remains the same: to testify to the seamless continuity of the author's commitment to poetry and art over the years, and to reaffirm at the same time, on a theoretical level, a model of creation and thinking as a continuous flow, not discretized, not quantized, but organic, liquid, without end or beginning; a kind of linguistic translation of the space-time in which every text, like every other object, is necessarily immersed. Continuum 2 is a trilingual book, containing writings in English, French, and Italian, and it is particularly focused on two lines of inquiry: the author's ongoing meditation on the poetic practice, and the first steps of his new investigation into seventeenth-century art, poetry, and forms of thought.
540 ## - TERMS GOVERNING USE AND REPRODUCTION NOTE
Terms governing use and reproduction Creative Commons
-- https://creativecommons.org/licenses/by-nc-sa/4.0/
-- cc
Uniform Resource Identifier <a href="https://creativecommons.org/licenses/by-nc-sa/4.0/">https://creativecommons.org/licenses/by-nc-sa/4.0/</a>
546 ## - LANGUAGE NOTE
Language note English
546 ## - LANGUAGE NOTE
Language note French
546 ## - LANGUAGE NOTE
Language note Italian
650 #7 - SUBJECT ADDED ENTRY--TOPICAL TERM
Topical term or geographic name entry element Literary studies: poetry & poets
Source of heading or term bicssc
650 #7 - SUBJECT ADDED ENTRY--TOPICAL TERM
Topical term or geographic name entry element Philosophy: aesthetics
Source of heading or term bicssc
720 1# - ADDED ENTRY--UNCONTROLLED NAME
Name De Francesco, Alessandro
Relator code aut
793 0# -
-- DOAB Library.
856 ## - ELECTRONIC LOCATION AND ACCESS
Uniform Resource Identifier <a href="https://docs.google.com/spreadsheets/d/1yKIrdCPDAG_9c22mwoOIO2DOhtj65Wqa/edit?usp=sharing&ouid=106555315294820607512&rtpof=true&sd=true ">https://docs.google.com/spreadsheets/d/1yKIrdCPDAG_9c22mwoOIO2DOhtj65Wqa/edit?usp=sharing&ouid=106555315294820607512&rtpof=true&sd=true </a>
Link text List of Curated E-Books
942 ## - ADDED ENTRY ELEMENTS (KOHA)
Koha item type E-Book
Holdings
Withdrawn status Damaged status Not for loan Home library Current library Date acquired Total Checkouts Date last seen Price effective from Koha item type
      Directory of Open Access Books Directory of Open Access Books 12/09/2024   12/09/2024 12/09/2024 E-Book

University of Rizal System
Email us at univlibservices@urs.edu.ph

Visit our Website www.urs.edu.ph/library